Tintoreries : serveis de qualitat serveis de qualitat
Publicado:
Barcelona :
Diputació de Barcelona. Àrea de Salut Pública i Consum. Xarxa Local de Consum ,
2004
Descripción Física:
1 tríptic ; 21 cm + 1 fly ; 21 cm
MARC
| LEADER | 00000nam a2200000Ia 4500 | ||
|---|---|---|---|
| 001 | 24201 | ||
| 008 | 160829s2004 xx 000 0 cat d | ||
| 080 | |a FU-64-94 | ||
| 245 | |a Tintoreries : |b serveis de qualitat | ||
| 260 | |a Barcelona : |b Diputació de Barcelona. Àrea de Salut Pública i Consum. Xarxa Local de Consum, |c 2004 | ||
| 300 | |a 1 tríptic ; |c 21 cm + 1 fly ; |c 21 cm | ||
| 590 | |a En el tríptic conté informació bàsica sobre neteja tèxtil i al fly la normativa aplicable | ||
| 650 | 0 | |a Consumidors |x Protecció |x Dret i legislació |z Barcelona (Província) |9 50477 | |
| 710 | 1 | |a Barcelona (Catalunya : Província). |b Xarxa Local de Consum |9 52772 | |
| 901 | |a Arxiu | ||
| 942 | |n 1 | ||
| 952 | |0 0 |1 0 |4 0 |6 FU6494 |7 1 |9 56054 |a Arxiu |b Arxiu |d 2016-12-01 |l 0 |o FU-64-94 |p 24201 |r 2016-12-01 00:00:00 |w 2016-12-01 |y ARXIU | ||
| 999 | |c 59928 |d 59928 | ||